[Event "FRA-chT2 0910"]
[Site "France"]
[Date "2009.11.22"]
[Round "4.3"]
[White "Wunderman, Xavier"]
[Black "Krauss, Michel"]
[Result "0-1"]
[WhiteElo "2169"]
[BlackElo "2120"]
[PlyCount "98"]
[EventDate "2009.09.27"]
[EventType "team"]
[EventRounds "11"]
[EventCountry "FRA"]
[SourceDate "2009.07.26"]

1. e4 e5 2. Nc3 Nf6 3. f4 d5 4. exd5 e4 5. Bb5+ c6 6. dxc6 bxc6 7. Be2 Qd4 8.
Kf1 Bd6 9. d3 e3 10. g3 O-O 11. Nf3 Qb6 12. Kg2 Bb7 13. Ne4 Be7 14. c3 c5 15.
Nxf6+ Bxf6 16. Qb3 Re8 17. Re1 Qc6 18. a4 a6 19. a5 Nd7 20. Qa4 Qd5 21. Qc4 Qh5
22. h3 g5 23. Ra4 Bc6 24. Ra1 g4 25. hxg4 Qxg4 26. Rh1 h5 27. b4 h4 28. Rh3 Qf5
29. bxc5 Bd5 30. Qa4 Nxc5 31. Qc2 Nb3 32. Rb1 Nxc1 33. Qxc1 Rac8 34. Rb6 Bxf3+
35. Bxf3 e2 36. Rh1 h3+ 37. Kh2 Bxc3 38. Be4 Qxa5 39. Rh6 Bd2 40. Qb2 Qc3 41.
Qb7 e1=Q 42. Rxe1 Bxe1 43. Bd5 Bxg3+ 44. Kxh3 Qg7 45. Bxf7+ Kf8 46. Rh5 Be1 47.
Qf3 Qxf7 48. Qg4 Re3+ 49. Kh2 Rc2+ 0-1

[Event "FRA-chT2 0910"]
[Site "France"]
[Date "2009.11.22"]
[Round "4.5"]
[White "Soupizon, Remi"]
[Black "Salvaing, Jean Louis"]
[Result "1-0"]
[WhiteElo "2041"]
[BlackElo "2015"]
[PlyCount "74"]
[EventDate "2009.09.27"]
[EventType "team"]
[EventRounds "11"]
[EventCountry "FRA"]
[SourceDate "2009.07.26"]

1. e4 c5 2. Nc3 e6 3. f4 Nc6 4. Nf3 g6 5. Bc4 Bg7 6. f5 Nge7 7. fxe6 fxe6 8. d3
d5 9. Bb3 b5 10. exd5 exd5 11. O-O O-O 12. Nxb5 Qb6 13. c4 d4 14. Qe1 Nf5 15.
Ng5 Ne5 16. Bf4 Nxd3 17. Qe4 Nxf4 18. Rxf4 Bb7 19. Qe6+ Qxe6 20. Nxe6 Rfc8 21.
Nxg7 Kxg7 22. Raf1 a6 23. g4 axb5 24. gxf5 g5 25. f6+ Kf7 26. Rf5 h6 27. Re1
Re8 28. cxb5+ Kg6 29. Rxe8 Rxe8 30. f7 Rf8 31. Rxc5 Be4 32. Re5 Bf3 33. Kf2 g4
34. Re8 Kg7 35. a4 d3 36. Ke3 Be2 37. b6 h5 1-0

[Event "FRA-chT2 0910"]
[Site "France"]
[Date "2009.11.22"]
[Round "4.6"]
[White "Charrais, Kevin"]
[Black "Degremont, Patrick"]
[Result "1-0"]
[WhiteElo "1862"]
[BlackElo "1969"]
[PlyCount "91"]
[EventDate "2009.09.27"]
[EventType "team"]
[EventRounds "11"]
[EventCountry "FRA"]
[SourceDate "2009.07.26"]

1. e4 e6 2. d4 d5 3. exd5 exd5 4. Bd3 Bd6 5. Nf3 Ne7 6. O-O c6 7. Re1 O-O 8.
Nh4 Qc7 9. Bg5 Ng6 10. Qh5 Bxh2+ 11. Kh1 Bf4 12. Nf3 h6 13. Nh4 Qd6 14. Nxg6
fxg6 15. Bxf4 Qxf4 16. Bxg6 Nd7 17. Qe2 Qxd4 18. Nd2 Nf6 19. Nf3 Qb6 20. Qe7
Qxf2 21. Rf1 Qg3 22. Ne5 Qh4+ 23. Kg1 Qd4+ 24. Rf2 Nd7 25. Bf7+ Kh7 26. Nxd7
Bxd7 27. Qxd7 Rad8 28. Qf5+ Kh8 29. Raf1 Qxb2 30. Rf3 Qd4+ 31. Kh1 Qh4+ 32. Rh3
Qe7 33. Qg6 Rd6 34. Qg3 Rd7 35. Qg6 Rd6 36. Qh5 Rf6 37. Rxf6 Qxf6 38. Rf3 Qd4
39. Bg6 Qa1+ 40. Kh2 Rxf3 41. Qxf3 Qe5+ 42. g3 Qe7 43. Bd3 Kg8 44. Qf5 Qb4 45.
Qe6+ Kf8 46. Bg6 1-0

[Event "FRA-chT2 0910"]
[Site "France"]
[Date "2009.11.22"]
[Round "4.7"]
[White "Konopka, Jeremiasz"]
[Black "Thorel, Gregoire"]
[Result "1-0"]
[WhiteElo "2005"]
[BlackElo "1846"]
[PlyCount "55"]
[EventDate "2009.09.27"]
[EventType "team"]
[EventRounds "11"]
[EventCountry "FRA"]
[SourceDate "2009.07.26"]

1. e4 e5 2. Nf3 d6 3. d4 Nd7 4. Bc4 Be7 5. dxe5 Nxe5 6. Nxe5 dxe5 7. Qh5 g6 8.
Qxe5 Nf6 9. Bh6 Rg8 10. O-O Ng4 11. Qf4 Nxh6 12. Qxh6 Bg5 13. Qxh7 Rf8 14. Nc3
c6 15. Rad1 Qe7 16. e5 Bg4 17. Rd4 Bd7 18. e6 Bxe6 19. Bxe6 fxe6 20. Qxg6+ Rf7
21. Ne4 Bf6 22. Nd6+ Kf8 23. Rf4 Qxd6 24. Rxf6 Rxf6 25. Qxf6+ Ke8 26. Re1 Kd7
27. Qf7+ Kd8 28. Qg8+ 1-0

[Event "FRA-chT2 0910"]
[Site "France"]
[Date "2009.11.22"]
[Round "4.8"]
[White "Jolly, Marie"]
[Black "Ribeiro, Pascale"]
[Result "1-0"]
[WhiteElo "1710"]
[BlackElo "1528"]
[PlyCount "71"]
[EventDate "2009.09.27"]
[EventType "team"]
[EventRounds "11"]
[EventCountry "FRA"]
[SourceDate "2009.07.26"]

1. d4 Nf6 2. Nf3 g6 3. c4 Bg7 4. Nc3 d5 5. e3 O-O 6. Qb3 e6 7. Bd2 c6 8. Rc1
Nbd7 9. Be2 Ne4 10. O-O Nxd2 11. Nxd2 Nf6 12. a3 h5 13. Nf3 Ne4 14. Qc2 Nxc3
15. bxc3 Qe7 16. a4 c5 17. cxd5 exd5 18. Qa2 c4 19. Rb1 h4 20. Rb5 Be6 21. Rfb1
b6 22. a5 Rfb8 23. axb6 axb6 24. Qb2 Ra6 25. Qb4 Qxb4 26. R5xb4 h3 27. Bf1 Bf8
28. Rb5 Bf5 29. Rc1 hxg2 30. Bxg2 Be6 31. Ne5 Rba8 32. Bxd5 Bxd5 33. Rxd5 Ra1
34. Rxa1 Rxa1+ 35. Kg2 Ra8 36. Nxc4 1-0

[Event "FRA-chT2 0910"]
[Site "France"]
[Date "2009.11.22"]
[Round "4.1"]
[White "Lepelletier, Benoit"]
[Black "Jolly, Jean Francois"]
[Result "0-1"]
[WhiteElo "2424"]
[BlackElo "2406"]
[PlyCount "108"]
[EventDate "2009.09.27"]
[EventType "team"]
[EventRounds "11"]
[EventCountry "FRA"]
[SourceDate "2009.07.26"]

1. e4 c5 2. Ne2 Nc6 3. Nbc3 e6 4. g3 d5 5. exd5 exd5 6. Bg2 d4 7. Nd5 Bd6 8.
O-O Nge7 9. Nef4 O-O 10. c4 Ne5 11. b3 Bg4 12. f3 Bf5 13. Nxe7+ Qxe7 14. d3
Rae8 15. a3 Qd8 16. Ra2 f6 17. g4 Bd7 18. Nd5 f5 19. h3 Ng6 20. Bd2 f4 21. b4
b6 22. Re1 Bc6 23. Re4 Qa8 24. Qb3 Rd8 25. Be1 Bb8 26. Bf1 Rxd5 27. cxd5 Bxd5
28. Qb1 Ne5 29. bxc5 Nxf3+ 30. Kf2 Ng5 31. cxb6 axb6 32. Rxd4 Be5 33. Rb4 b5
34. d4 Qa7 35. Bxb5 Bxd4+ 36. Kf1 Ne4 37. Rxd4 Qxd4 38. Bf2 Nd2+ 39. Rxd2 Qxd2
40. Qd3 Qc1+ 41. Be1 Rd8 42. Qc3 Qxc3 43. Bxc3 Rc8 44. Be5 Bc4+ 45. Bxc4+ Rxc4
46. Kf2 Kf7 47. h4 g5 48. hxg5 Kg6 49. Bf6 h6 50. Be7 hxg5 51. Bd8 Rc2+ 52. Kf1
Ra2 53. Be7 f3 54. Bd8 Rg2 0-1

[Event "FRA-chT2 0910"]
[Site "France"]
[Date "2009.11.22"]
[Round "4.2"]
[White "Navrotescu, Catalin"]
[Black "Romieux, Sebastien"]
[Result "1-0"]
[WhiteElo "2435"]
[BlackElo "2281"]
[PlyCount "75"]
[EventDate "2009.09.27"]
[EventType "team"]
[EventRounds "11"]
[EventCountry "FRA"]
[SourceDate "2009.07.26"]

1. d4 Nf6 2. c4 e6 3. Nc3 Bb4 4. e3 b6 5. Bd3 Bb7 6. Nf3 Ne4 7. O-O f5 8. Bxe4
fxe4 9. Nd2 Bxc3 10. bxc3 Qg5 11. Ba3 d6 12. Qa4+ Bc6 13. Qb3 Nd7 14. c5 bxc5
15. Qxe6+ Qe7 16. Qxe7+ Kxe7 17. dxc5 d5 18. c4 Ne5 19. Bb2 Nxc4 20. Nxc4 dxc4
21. Bxg7 Rhd8 22. Rfc1 Bb5 23. Rab1 Ba6 24. Bd4 Rab8 25. f4 Ke6 26. g4 Rb5 27.
Rxb5 Bxb5 28. Kf2 Kd5 29. Kg3 Rg8 30. f5 c3 31. Kf4 Be2 32. g5 Bh5 33. Rxc3 Rf8
34. c6 Be8 35. Rc5+ Kd6 36. Re5 Kxc6 37. Re7 Bg6 38. Bf6 1-0

[Event "FRA-chT2 0910"]
[Site "France"]
[Date "2009.11.22"]
[Round "4.3"]
[White "Bouillot, Serge"]
[Black "Renault, Fabien"]
[Result "1/2-1/2"]
[WhiteElo "2185"]
[BlackElo "2190"]
[PlyCount "35"]
[EventDate "2009.09.27"]
[EventType "team"]
[EventRounds "11"]
[EventCountry "FRA"]
[SourceDate "2009.07.26"]

1. e4 c5 2. d3 Nc6 3. g3 g6 4. Bg2 Bg7 5. f4 d6 6. Nf3 e5 7. O-O Nge7 8. fxe5
dxe5 9. Be3 Nd4 10. c3 Ne6 11. Bh3 b6 12. c4 O-O 13. Nc3 f5 14. Nh4 Nd4 15. Bg5
Bf6 16. Bxf6 Rxf6 17. Nd5 Nxd5 18. cxd5 1/2-1/2

[Event "FRA-chT2 0910"]
[Site "France"]
[Date "2009.11.22"]
[Round "4.5"]
[White "Dinayet, Kazi Rashedul"]
[Black "Beneteau, Hubert"]
[Result "1-0"]
[WhiteElo "2064"]
[BlackElo "2123"]
[PlyCount "79"]
[EventDate "2009.09.27"]
[EventType "team"]
[EventRounds "11"]
[EventCountry "FRA"]
[SourceDate "2009.07.26"]

1. e4 c5 2. Nf3 e6 3. d4 cxd4 4. Nxd4 Nf6 5. f3 d5 6. e5 Nfd7 7. f4 Bc5 8. Nb3
Bb6 9. Nc3 O-O 10. Bd3 Nc6 11. Qh5 f5 12. Rf1 Nc5 13. Nxc5 Bxc5 14. Rf3 g6 15.
Qh3 Bd7 16. g4 Nd4 17. Rg3 Be8 18. Bd2 Rc8 19. Qg2 b5 20. Ne2 Nxe2 21. Qxe2 b4
22. gxf5 exf5 23. Be3 Be7 24. Kf1 Qd7 25. Bd4 Qa4 26. e6 b3 27. c3 bxa2 28. Qe5
Bf6 29. Qxd5 Bc6 30. Qxa2 Qxa2 31. Rxa2 Bxd4 32. cxd4 Bd5 33. Rxa7 Bxe6 34. Re3
Rf7 35. Ra4 Bb3 36. Rb4 Ba2 37. Ke2 Kf8 38. Re5 Ra7 39. Ke3 Bf7 40. d5 1-0

[Event "FRA-chT2 0910"]
[Site "France"]
[Date "2009.11.22"]
[Round "4.6"]
[White "Auvray, Simon"]
[Black "Argaud, Jean Philippe"]
[Result "1-0"]
[WhiteElo "2008"]
[BlackElo "1903"]
[PlyCount "30"]
[EventDate "2009.09.27"]
[EventType "team"]
[EventRounds "11"]
[EventCountry "FRA"]
[SourceDate "2009.07.26"]

1. e4 Nf6 2. e5 Nd5 3. d4 d6 4. Bc4 Nb6 5. Bb3 dxe5 6. Qh5 e6 7. dxe5 Nc6 8.
Nf3 Nd7 9. Bf4 g6 10. Qg4 h5 11. Qg3 Nc5 12. Nc3 Nxb3 13. axb3 Bb4 14. O-O Bxc3
15. bxc3 Qe7 {suie illisible} 1-0

[Event "FRA-chT2 0910"]
[Site "France"]
[Date "2009.11.22"]
[Round "4.7"]
[White "Mohammad, Fahim"]
[Black "Restout, Bruce"]
[Result "1/2-1/2"]
[WhiteElo "1828"]
[BlackElo "2047"]
[PlyCount "93"]
[EventDate "2009.09.27"]
[EventType "team"]
[EventRounds "11"]
[EventCountry "FRA"]
[SourceDate "2009.07.26"]

1. d4 Nf6 2. c4 e6 3. Nc3 Bb4 4. e3 b6 5. Nge2 Ne4 6. Qc2 Bb7 7. a3 Bxc3+ 8.
Nxc3 Nxc3 9. bxc3 f5 10. a4 O-O 11. Ba3 d6 12. Rd1 Be4 13. Qd2 Qd7 14. a5 Qa4
15. Qb2 Nc6 16. f3 Bc2 17. Rc1 Bb3 18. Ra1 Nxa5 19. Bxd6 Qxa1+ 20. Qxa1 cxd6
21. Qb2 Bxc4 22. Bxc4 Nxc4 23. Qf2 a5 24. O-O a4 25. Qe2 d5 26. Ra1 a3 27. e4
fxe4 28. fxe4 Ra5 29. exd5 exd5 30. Qe6+ Kh8 31. Qe7 Rfa8 32. Rf1 h6 33. Rf8+
Rxf8 34. Qxf8+ Kh7 35. Qf5+ Kg8 36. Qe6+ Kf8 37. Qc8+ Ke7 38. Qc7+ Ke6 39. Qc8+
Kf6 40. Qf8+ Kg6 41. g4 Ne3 42. Qe8+ Kh7 43. g5 hxg5 44. Qh5+ Kg8 45. Qe8+ Kh7
46. Qh5+ Kg8 47. Qe8+ 1/2-1/2

[Event "FRA-chT2 0910"]
[Site "France"]
[Date "2009.11.22"]
[Round "4.8"]
[White "Auvray, Juliette"]
[Black "Anamba Onana, Marie Therese"]
[Result "1-0"]
[WhiteElo "1960"]
[BlackElo "1680"]
[PlyCount "65"]
[EventDate "2009.09.27"]
[EventType "team"]
[EventRounds "11"]
[EventCountry "FRA"]
[SourceDate "2009.07.26"]

1. e4 e5 2. Nf3 Nc6 3. d4 exd4 4. Nxd4 Ne5 5. Bf4 d6 6. Be2 Nf6 7. Nc3 Be7 8.
O-O O-O 9. h3 c6 10. Be3 Ng6 11. f4 Qc7 12. Qe1 Re8 13. Bf3 Bd7 14. Qg3 Bd8 15.
h4 h5 16. f5 Ne5 17. Nde2 Neg4 18. Bxg4 Nxg4 19. Bd4 Bc8 20. Nf4 Qe7 21. Nxh5
Qxh4 22. Qxh4 Bxh4 23. Bxg7 b6 24. Rf4 Nf6 25. Bxf6 Bxf6 26. Nxf6+ Kf8 27. Nxe8
Kxe8 28. Rd1 Ke7 29. Ne2 Ba6 30. Nd4 Kd7 31. Rh4 c5 32. Nf3 Re8 33. e5 1-0

[Event "FRA-chT2 0910"]
[Site "France"]
[Date "2009.11.22"]
[Round "4.1"]
[White "Cartier, Nicolas"]
[Black "Monroy, Charles"]
[Result "0-1"]
[WhiteElo "2113"]
[BlackElo "2433"]
[PlyCount "58"]
[EventDate "2009.09.27"]
[EventType "team"]
[EventRounds "11"]
[EventCountry "FRA"]
[SourceDate "2009.07.26"]

1. e4 c6 2. d4 d5 3. e5 Bf5 4. g4 Bc8 5. Nh3 h5 6. gxh5 Bf5 7. Ng5 e6 8. Bd3
Nh6 9. Bxf5 Nxf5 10. Qg4 Qb6 11. c3 c5 12. dxc5 Bxc5 13. O-O Nc6 14. b4 Be7 15.
Bf4 a5 16. bxa5 Rxa5 17. Nd2 Ra4 18. c4 Qd4 19. Ngf3 Qd3 20. Bg3 b5 21. Rab1
bxc4 22. Rb6 Nd8 23. Rb8 Rxa2 24. Bf4 c3 25. Nb3 Ra4 26. Nc5 Bxc5 27. Rxd8+
Kxd8 28. Bg5+ Kc7 29. Qxa4 Qxf3 0-1

[Event "FRA-chT2 0910"]
[Site "France"]
[Date "2009.11.22"]
[Round "4.2"]
[White "Lejarre, Ludovic"]
[Black "Bodenez, Vincent"]
[Result "1/2-1/2"]
[WhiteElo "2370"]
[BlackElo "2211"]
[PlyCount "59"]
[EventDate "2009.09.27"]
[EventType "team"]
[EventRounds "11"]
[EventCountry "FRA"]
[SourceDate "2009.07.26"]

1. e4 e6 2. d4 d5 3. Nc3 Nf6 4. e5 Nfd7 5. f4 c5 6. Nf3 Nc6 7. Be3 cxd4 8. Nxd4
Bc5 9. Qd2 O-O 10. O-O-O a6 11. h4 Nxd4 12. Bxd4 b5 13. Rh3 b4 14. Na4 Bxd4 15.
Qxd4 Qa5 16. b3 Bb7 17. c3 Rfc8 18. Kb2 bxc3+ 19. Rxc3 Rxc3 20. Qxc3 Qd8 21. g3
Rc8 22. Qb4 Qc7 23. Bd3 a5 24. Qd6 g6 25. Qxc7 Rxc7 26. Nc3 Nc5 27. Nb5 Rc6 28.
Nd4 Rc7 29. Nb5 Rc6 30. Nd4 1/2-1/2

[Event "FRA-chT2 0910"]
[Site "France"]
[Date "2009.11.22"]
[Round "4.3"]
[White "Bouget, Alexandre"]
[Black "Miqueu, Jean Philippe"]
[Result "1-0"]
[WhiteElo "2148"]
[BlackElo "2137"]
[PlyCount "65"]
[EventDate "2009.09.27"]
[EventType "team"]
[EventRounds "11"]
[EventCountry "FRA"]
[SourceDate "2009.07.26"]

1. d4 d5 2. c4 c6 3. Nc3 Nf6 4. Nf3 dxc4 5. a4 Bf5 6. Ne5 Nbd7 7. Nxc4 Nb6 8.
Ne5 a5 9. g3 e6 10. Bg2 Bb4 11. O-O O-O 12. e3 h6 13. Qe2 Bh7 14. Rd1 Qe7 15.
e4 Nbd7 16. Nd3 e5 17. d5 Nc5 18. Nxc5 Bxc5 19. Be3 Bxe3 20. Qxe3 Rfd8 21. dxc6
bxc6 22. Rxd8+ Rxd8 23. Qb6 Rd2 24. Qxa5 Bg6 25. Nd5 cxd5 26. Qxd2 d4 27. f3
Nd7 28. a5 Nc5 29. Qb4 d3 30. Rd1 Qd6 31. Bf1 Bh5 32. Rxd3 Qe7 33. Rc3 1-0

[Event "FRA-chT2 0910"]
[Site "France"]
[Date "2009.11.22"]
[Round "4.5"]
[White "Luco, Alain"]
[Black "Le Montagner, Yoann"]
[Result "1/2-1/2"]
[WhiteElo "2148"]
[BlackElo "2020"]
[PlyCount "70"]
[EventDate "2009.09.27"]
[EventType "team"]
[EventRounds "11"]
[EventCountry "FRA"]
[SourceDate "2009.07.26"]

1. e4 c5 2. c3 d5 3. exd5 Qxd5 4. d4 e5 5. dxe5 Qxe5+ 6. Be3 Nf6 7. Nf3 Qd5 8.
Na3 Be7 9. Qa4+ Bd7 10. Bb5 O-O 11. O-O a6 12. c4 Bxb5 13. Nxb5 Qc6 14. Nc3
Qxa4 15. Nxa4 Nbd7 16. Nc3 Rfe8 17. h3 Bd6 18. Rad1 Be5 19. Nxe5 Nxe5 20. b3
Ned7 21. Rd6 b5 22. cxb5 axb5 23. Nxb5 Rxa2 24. Rfd1 Re7 25. Bg5 h6 26. Be3 Rb2
27. R1d3 Kh7 28. Na3 Ne5 29. Rd1 Rxb3 30. Ra6 Ne4 31. Rc1 Nd3 32. Rb1 c4 33.
Ra1 Rc7 34. Nc2 Rb2 35. R6a2 Rxa2 1/2-1/2

[Event "FRA-chT2 0910"]
[Site "France"]
[Date "2009.11.22"]
[Round "4.6"]
[White "Simon, Leopold"]
[Black "Foussard, Gervais"]
[Result "1-0"]
[WhiteElo "2096"]
[BlackElo "1917"]
[PlyCount "63"]
[EventDate "2009.09.27"]
[EventType "team"]
[EventRounds "11"]
[EventCountry "FRA"]
[SourceDate "2009.07.26"]

1. d4 Nf6 2. c4 e6 3. Nc3 Bb4 4. Bd2 O-O 5. Nf3 d5 6. e3 Nbd7 7. Be2 b6 8. cxd5
exd5 9. O-O c5 10. dxc5 Bxc5 11. Nb5 Ne4 12. Nbd4 Ndf6 13. Rc1 Bg4 14. Bc3 a6
15. Nb3 Nxc3 16. Rxc3 Qe7 17. h3 Bd7 18. Nfd4 Rfd8 19. Bf3 a5 20. Qd3 Ne4 21.
Rc2 Qe5 22. Nxc5 bxc5 23. Ne2 Bf5 24. Qd1 Ng5 25. Rxc5 Nxf3+ 26. gxf3 Bxh3 27.
Re1 Rd6 28. Ng3 Rad8 29. Qd4 Qe7 30. Rd1 h5 31. Kh2 Bc8 32. Rg1 1-0

[Event "FRA-chT2 0910"]
[Site "France"]
[Date "2009.11.22"]
[Round "4.8"]
[White "Le Bail, Arielle"]
[Black "Josse, Mathilde"]
[Result "1-0"]
[WhiteElo "1854"]
[BlackElo "1707"]
[PlyCount "69"]
[EventDate "2009.09.27"]
[EventType "team"]
[EventRounds "11"]
[EventCountry "FRA"]
[SourceDate "2009.07.26"]

1. d4 g6 2. c4 Bg7 3. Nc3 d6 4. e4 Nd7 5. Nge2 e5 6. d5 Ne7 7. Ng3 O-O 8. Bd3
Kh8 9. Be3 f5 10. exf5 Nxf5 11. Nxf5 gxf5 12. f3 e4 13. fxe4 Bxc3+ 14. bxc3
fxe4 15. Be2 Ne5 16. Qd4 Bf5 17. O-O-O Bg6 18. h4 b6 19. g4 Qd7 20. h5 Bf7 21.
Qxe4 Rae8 22. Bd4 Qe7 23. Bd3 Bg8 24. Kb1 Qg5 25. Rdf1 a6 26. Qg2 a5 27. h6 Bf7
28. Rf5 Qe7 29. Qc2 Bg8 30. Rhf1 Rxf5 31. gxf5 Rf8 32. Qg2 Rf6 33. Rg1 Qf7 34.
Qg7+ Qxg7 35. hxg7# 1-0

[Event "FRA-chT2 0910"]
[Site "France"]
[Date "2009.11.22"]
[Round "4.2"]
[White "Deslandes, Pascal"]
[Black "Decosse, Jean Fabien"]
[Result "1/2-1/2"]
[WhiteElo "2314"]
[BlackElo "2237"]
[PlyCount "51"]
[EventDate "2009.09.27"]
[EventType "team"]
[EventRounds "11"]
[EventCountry "FRA"]
[SourceDate "2009.07.26"]

1. e4 c6 2. d4 g6 3. Nf3 Bg7 4. Bd3 d6 5. O-O Nd7 6. Nbd2 e5 7. c3 Qe7 8. b3
Ngf6 9. Ba3 c5 10. Re1 O-O 11. Qc2 b6 12. Rad1 Bb7 13. Nc4 Nh5 14. Bf1 Rfd8 15.
dxc5 Nxc5 16. b4 Ne6 17. Ne3 Nf6 18. Nd5 Nxd5 19. exd5 Ng5 20. Nxg5 Qxg5 21. c4
Qe7 22. Qb3 Qc7 23. Rc1 Rac8 24. Red1 Bf8 25. g3 Qd7 26. Qe3 1/2-1/2

[Event "FRA-chT2 0910"]
[Site "France"]
[Date "2009.11.22"]
[Round "4.3"]
[White "Croutte, Stephane"]
[Black "Large, Laurent"]
[Result "1/2-1/2"]
[WhiteElo "2193"]
[BlackElo "2240"]
[PlyCount "39"]
[EventDate "2009.09.27"]
[EventType "team"]
[EventRounds "11"]
[EventCountry "FRA"]
[SourceDate "2009.07.26"]

1. d4 Nf6 2. c4 c5 3. d5 b5 4. cxb5 a6 5. bxa6 Bxa6 6. Nc3 g6 7. g3 d6 8. Bg2
Bg7 9. Nh3 Nbd7 10. O-O O-O 11. Qc2 Nb6 12. Rb1 Bc4 13. Nf4 Bxa2 14. Nxa2 Rxa2
15. Qb3 Ra4 16. Bd2 Nc4 17. Qxa4 Nxd2 18. b4 Nxf1 19. Kxf1 cxb4 20. Qxb4
1/2-1/2

[Event "FRA-chT2 0910"]
[Site "France"]
[Date "2009.11.22"]
[Round "4.4"]
[White "Bonnaud, Remy"]
[Black "Marie, Maxime"]
[Result "1/2-1/2"]
[WhiteElo "2215"]
[BlackElo "2236"]
[PlyCount "33"]
[EventDate "2009.09.27"]
[EventType "team"]
[EventRounds "11"]
[EventCountry "FRA"]
[SourceDate "2009.07.26"]

1. e4 g6 2. d4 c6 3. Nc3 d5 4. h3 Bg7 5. Nf3 Nf6 6. e5 Ne4 7. Nxe4 dxe4 8. Ng5
c5 9. Bc4 O-O 10. c3 Nc6 11. Be3 cxd4 12. cxd4 Qa5+ 13. Kf1 Qb4 14. Qb3 Qxb3
15. Bxb3 Bh6 16. Nxe4 Rd8 17. Rd1 1/2-1/2

[Event "FRA-chT2 0910"]
[Site "France"]
[Date "2009.11.22"]
[Round "4.5"]
[White "Le Borgne, Pierre"]
[Black "Glod, Philippe"]
[Result "1/2-1/2"]
[WhiteElo "2212"]
[BlackElo "2181"]
[PlyCount "73"]
[EventDate "2009.09.27"]
[EventType "team"]
[EventRounds "11"]
[EventCountry "FRA"]
[SourceDate "2009.07.26"]

1. e4 e5 2. Nf3 Nc6 3. Bb5 g6 4. d4 exd4 5. Bg5 Be7 6. Bxe7 Qxe7 7. Bxc6 dxc6
8. Qxd4 Nf6 9. Nc3 Bg4 10. Nd2 O-O 11. h3 Bd7 12. O-O-O c5 13. Qe3 Bc6 14. g4
Rfe8 15. Rhe1 Rad8 16. Qg3 Rd4 17. e5 Nd7 18. f4 Nf8 19. Nde4 Bxe4 20. Nxe4
Red8 21. Rxd4 Rxd4 22. c3 Ra4 23. Kb1 Qe6 24. b3 Ra5 25. Rd1 Qa6 26. Rd2 Qf1+
27. Kb2 Qa6 28. a4 c4 29. Rd8 cxb3 30. Nf6+ Kg7 31. Rxf8 Kxf8 32. Qh4 Qe2+ 33.
Kxb3 Qd1+ 34. Kb2 Qd2+ 35. Kb3 Qd1+ 36. Kb2 Qd2+ 37. Kb3 1/2-1/2

[Event "FRA-chT2 0910"]
[Site "France"]
[Date "2009.11.22"]
[Round "4.6"]
[White "Castaignet, Laurent"]
[Black "Barbini, Denis"]
[Result "1-0"]
[WhiteElo "2184"]
[BlackElo "2130"]
[PlyCount "53"]
[EventDate "2009.09.27"]
[EventType "team"]
[EventRounds "11"]
[EventCountry "FRA"]
[SourceDate "2009.07.26"]

1. e4 d6 2. d4 Nf6 3. Nc3 g6 4. Be2 Bg7 5. h4 c5 6. d5 Na6 7. h5 Qa5 8. h6 Bf8
9. Bd2 Qb4 10. a3 Qxb2 11. Bb5+ Bd7 12. Ra2 Qxb5 13. Nxb5 Bxb5 14. c4 Bd7 15.
Bc3 Rg8 16. f3 Nh5 17. g4 Nf4 18. Ne2 Nxe2 19. Qxe2 g5 20. e5 O-O-O 21. exd6
exd6 22. Qd3 Rg6 23. Bg7 Be7 24. Kf2 Nc7 25. Re2 Re8 26. Rhe1 Kd8 27. Qc3 1-0

[Event "FRA-chT2 0910"]
[Site "France"]
[Date "2009.11.22"]
[Round "4.7"]
[White "Marchadour, Emilie"]
[Black "Imbert, Christophe"]
[Result "0-1"]
[WhiteElo "2072"]
[BlackElo "2107"]
[PlyCount "122"]
[EventDate "2009.09.27"]
[EventType "team"]
[EventRounds "11"]
[EventCountry "FRA"]
[SourceDate "2009.07.26"]

1. e4 e5 2. Nf3 Nc6 3. Bb5 a6 4. Ba4 Nf6 5. O-O Be7 6. Re1 b5 7. Bb3 d6 8. c3
O-O 9. h3 Na5 10. Bc2 c5 11. d4 Nd7 12. Nbd2 cxd4 13. cxd4 Nc6 14. Nf1 exd4 15.
Nxd4 Nxd4 16. Qxd4 Ne5 17. Qd1 Bd7 18. Ne3 Rc8 19. Nd5 Bh4 20. Be3 Be6 21. Bb3
Nc4 22. Bxc4 Rxc4 23. Bb6 Qb8 24. Bd4 Bxd5 25. exd5 Qb7 26. b3 Rxd4 27. Qxd4
Bf6 28. Qd3 Bxa1 29. Rxa1 Rc8 30. Re1 g6 31. Qd4 Qc7 32. h4 Qc5 33. Qe4 h5 34.
Qf3 Rc7 35. Qf6 Rc8 36. Qf3 Rc7 37. Re8+ Kg7 38. Ra8 Qd4 39. g3 Rc1+ 40. Kg2
Rc3 41. Qe2 Rd3 42. Re8 Rd2 43. Qe3 Rxf2+ 44. Kg1 Qxe3 45. Rxe3 Rxa2 46. Re7
Rb2 47. Ra7 Rxb3 48. Rxa6 Rxg3+ 49. Kh2 Rd3 50. Rxd6 b4 51. Rb6 b3 52. Kg2 Kf8
53. Kf2 Rh3 54. Kg2 Rxh4 55. Rxb3 Rd4 56. Rb1 Ke7 57. Rb7+ Kf6 58. Rd7 g5 59.
Rd6+ Kf5 60. Rh6 h4 61. d6 f6 0-1

[Event "FRA-chT2 0910"]
[Site "France"]
[Date "2009.11.22"]
[Round "4.8"]
[White "Millet, Maud"]
[Black "Blanche, Paul"]
[Result "1/2-1/2"]
[WhiteElo "1960"]
[BlackElo "2105"]
[PlyCount "92"]
[EventDate "2009.09.27"]
[EventType "team"]
[EventRounds "11"]
[EventCountry "FRA"]
[SourceDate "2009.07.26"]

1. d4 Nf6 2. c4 e6 3. Nc3 d5 4. cxd5 exd5 5. Bg5 Be7 6. Nf3 c6 7. Qc2 O-O 8. h3
Ne4 9. Bxe7 Qxe7 10. e3 Bf5 11. Bd3 Nd7 12. O-O Rae8 13. Rfe1 Qf6 14. Bxe4 dxe4
15. Nh2 Qg5 16. Kh1 Re6 17. g4 Bg6 18. Rg1 Kh8 19. Rg3 Nb6 20. Qd2 Rd8 21. b4
Qe7 22. Ne2 Nd5 23. a3 b6 24. Rc1 Ra8 25. Nc3 Nc7 26. Na4 Nb5 27. Qb2 Qb7 28.
Nc3 Nd6 29. a4 a6 30. Nf1 f5 31. Nd2 Rf8 32. Qb3 Bf7 33. Qd1 Qe7 34. g5 Qe8 35.
d5 cxd5 36. Nxd5 Qd8 37. Nc7 Rg6 38. h4 Nc4 39. Nxc4 Qxd1+ 40. Rxd1 Bxc4 41.
Rd7 Rc6 42. Rg1 Be2 43. Nd5 Rc2 44. Kh2 Bf3 45. Kg3 Rc4 46. Rb1 Bh5 1/2-1/2

[Event "FRA-chT2 0910"]
[Site "France"]
[Date "2009.11.22"]
[Round "4.1"]
[White "Gillet, Richard"]
[Black "Giacomini, Hector"]
[Result "0-1"]
[WhiteElo "2087"]
[BlackElo "2273"]
[PlyCount "108"]
[EventDate "2009.09.27"]
[EventType "team"]
[EventRounds "11"]
[EventCountry "FRA"]
[SourceDate "2009.07.26"]

1. e4 c6 2. d4 d5 3. exd5 cxd5 4. Bd3 Nc6 5. c3 Nf6 6. Bf4 Bg4 7. Qb3 Qc8 8. h3
Bh5 9. Nd2 e6 10. Ngf3 Be7 11. O-O O-O 12. a4 a6 13. Rac1 Bxf3 14. Nxf3 Rd8 15.
Qa2 Bd6 16. Bxd6 Rxd6 17. Ne5 Qc7 18. f4 Rc8 19. Qb1 g6 20. Rce1 Na5 21. Kh1
Nc4 22. Rf2 Rb6 23. g4 Ne4 24. Bxe4 dxe4 25. Rxe4 Nxe5 26. Rxe5 Qxc3 27. bxc3
Rxb1+ 28. Kg2 Rxc3 29. f5 gxf5 30. gxf5 exf5 31. Rexf5 Rc7 32. Rd2 Rbc1 33.
Rff2 Rd7 34. Rf3 Rc4 35. d5 Rxa4 36. Rc3 Rf4 37. d6 Rf6 38. Rc7 Rdxd6 39. Rxd6
Rxd6 40. Rxb7 Kg7 41. Ra7 Kg6 42. Kf3 Rf6+ 43. Ke4 h6 44. h4 Rb6 45. h5+ Kf6
46. Kf4 Ke6 47. Ke4 Rb4+ 48. Kf3 Ra4 49. Rb7 Kf6 50. Rc7 a5 51. Rc6+ Kg5 52.
Rc5+ f5 53. Kg3 Ra3+ 54. Kh2 Kg4 0-1